[Event "Aarhus op"]
[Site "Aarhus"]
[Date "1990.??.??"]
[Round "1"]
[White "Hansen, Sune Berg"]
[Black "Panzalovic, Srdjan"]
[Result "1-0"]
[WhiteElo "2335"]
[BlackElo "2325"]

1.d4 Nf6 2.c4 e6 3.Nc3 Bb4 4.f3 d5 5.a3 Bxc3+ 6.bxc3 c5 7.cxd5 Nxd5 8.dxc5 Qa5
9.e4 Ne7 10.Be3 O-O 11.Qb3 Qc7 12.a4 Nec6 13.Qa2 Na5 14.Nh3 e5 15.Bc4 Nxc4
16.Qxc4 Be6 17.Qb5 Bd7 18.Qc4 Nc6 19.O-O Be6 20.Qb5 Na5 21.Rfd1 Rfd8 22.c4 Nxc4
23.Bf2 h6 24.Rdc1 Na5 25.Rab1 Rd7 26.Be3 Bxh3 27.gxh3 Rad8 28.Qe2 Nc6 29.Qg2 Kh7
30.Kh1 Rd3 31.Rg1 g6 32.Rbe1 Qe7 33.Rgf1 R8d7 34.Qf2 Nd4 35.h4 h5 36.f4 exf4
37.Qxf4 Nc2 38.Qh6+ Kg8 39.Bg5 Qf8 40.Qxf8+ Kxf8 41.c6 bxc6 42.Rb1 f5 43.exf5 gxf5
44.Rxf5+ Kg7 45.Rg1 R3d6 46.Be7+ Rg6 47.Bf8+  1-0

[Event "Aarhus op"]
[Site "Aarhus"]
[Date "1990.??.??"]
[Round "5"]
[White "Hansen, Sune Berg"]
[Black "Groenn, Atle"]
[Result "0-1"]
[WhiteElo "2335"]
[BlackElo "2205"]

1.d4 Nf6 2.c4 e6 3.Nc3 Bb4 4.f3 d5 5.a3 Bxc3+ 6.bxc3 c5 7.cxd5 Nxd5 8.Qd3 O-O
9.e4 Nb6 10.Be3 cxd4 11.cxd4 Nc6 12.Nh3 f5 13.Rd1 fxe4 14.Qxe4 Nd5 15.Ng5 Rf5
16.h4 Nc3 17.Qd3 Nxd1 18.Kxd1 Qd5 19.Be2 Bd7 20.g4 Rxg5 21.hxg5 g6 22.Rf1 Rc8
23.f4 Na5 24.Ke1 Nc4 25.Bc1 Nd6 26.Qe3 Ne4 27.Bd3 Rc3 28.Bb2 Rxd3 29.Qxd3 Bb5
30.Qc2 Bxf1 31.Qc8+ Kf7 32.Qc7+ Ke8 33.Kxf1 Qc4+ 34.Qxc4 Nd2+ 35.Ke2 Nxc4
36.Bc1 Nd6 37.Kd3 Kd7 38.Bd2 Kc6 39.Bb4 b5 40.Ba5 Kd5 41.Bd2 Nb7 42.Bb4 Nd8
43.Bf8 Nc6 44.Bc5 a5 45.Bb6 b4 46.axb4 axb4 47.Bc5 b3 48.Kc3 Nxd4  0-1

[Event "OHRA-A"]
[Site "Amsterdam"]
[Date "1990.??.??"]
[Round "5"]
[White "Beliavsky, Alexander G"]
[Black "Kortschnoj, Viktor"]
[Result "1/2-1/2"]
[WhiteElo "2605"]
[BlackElo "2630"]

1.d4 Nf6 2.c4 e6 3.Nc3 Bb4 4.f3 c5 5.d5 d6 6.e4 O-O 7.Ne2 Nh5 8.g4 Qh4+ 9.Kd2 Nf6
10.Qe1 Qxe1+ 11.Kxe1 Nbd7 12.Ng3 b5 13.g5 Ne8 14.cxb5 exd5 15.exd5 Nb6 16.Kf2 Bxc3
17.bxc3 Nxd5 18.Bd2 a6 19.a4 axb5 20.Bxb5 Ndc7 21.c4 f6 22.Rhe1 Ra7 23.Ne4 Bb7
24.gxf6 Bxe4 25.Rxe4 Nxf6 26.Re2 d5 27.Kg2 d4 28.Re5 Nxb5 29.cxb5 c4 30.a5 c3
31.Be1 Rb8 32.a6 c2 33.Bd2 Kf7 34.Kf2 Nd7 35.Rd5 Ke6 36.Rxd4 Rxb5 37.Rc4 Rb1
38.Ra2 Rb6  1/2-1/2

[Event "OHRA-A"]
[Site "Amsterdam"]
[Date "1990.??.??"]
[Round "6"]
[White "Beliavsky, Alexander G"]
[Black "Portisch, Lajos"]
[Result "1-0"]
[WhiteElo "2605"]
[BlackElo "2590"]

1.d4 Nf6 2.c4 e6 3.Nc3 Bb4 4.f3 d5 5.a3 Bxc3+ 6.bxc3 c5 7.cxd5 Nxd5 8.dxc5 f5
9.Nh3 O-O 10.c4 Qh4+ 11.Nf2 Qf6 12.Bd2 Nc3 13.Qc1 Na4 14.Bg5 Qf7 15.Nd3 Nd7
16.Qe3 e5 17.c6 bxc6 18.Nxe5 Nxe5 19.Qxe5 Re8 20.Qa5 Nb6 21.e3 h6 22.Bf4 Be6
23.Kf2 Bxc4 24.h4 Rad8 25.Rc1 Bxf1 26.Rhxf1 Nd5 27.Rxc6 Qh5 28.Rh1 Rd7 29.Qa4 Red8
30.Qc4 Kh7 31.Be5 Nb6 32.Qc1 Rd2+ 33.Kg3 Qf7 34.h5 Qe7 35.Bf4 R2d7 36.Qc2 Qf7
37.e4 fxe4 38.Qxe4+ Kh8 39.Be5 Kg8 40.Rg6  1-0

[Event "URS-ch qual"]
[Site "Ashkhabad"]
[Date "1990.??.??"]
[Round "?"]
[White "Sokolov, Sergey M"]
[Black "Aleksandrov, Aleksej"]
[Result "1-0"]
[WhiteElo "2370"]
[BlackElo "2340"]

1.d4 Nf6 2.c4 e6 3.Nc3 Bb4 4.f3 d5 5.a3 Bxc3+ 6.bxc3 c5 7.cxd5 Nxd5 8.dxc5 Qa5
9.e4 Nxc3 10.Qd2 Nc6 11.Bb2 Na4 12.Qxa5 Nxa5 13.Bxg7 Rg8 14.Bf6 Bd7 15.Rd1 Rg6
16.Bh4 Nxc5 17.Nh3 e5 18.Rd5 Rc8 19.Rxe5+ Re6 20.Rg5 Kf8 21.Kf2 Rb6 22.Be2 Rb2
23.Nf4 Nab3 24.Rd5 Be6 25.Bf6 Ra2 26.Rd6 Bc4 27.Rhd1 Ne6 28.Ke3 Bxe2 29.Nxe2 Na5
30.Kf2 Rxa3 31.Nf4 Nc4 32.Rd7 Ra2+ 33.Kg3 Ne3 34.R1d6 Re8 35.Nxe6+ fxe6 36.Rxh7 Rxg2+
37.Kf4 Nc4 38.e5 Nxd6 39.exd6  1-0

[Event "Balassagyarmat"]
[Site "Balassagyarmat"]
[Date "1990.??.??"]
[Round "3"]
[White "Moskalenko, Viktor"]
[Black "Luther, Thomas"]
[Result "1/2-1/2"]
[WhiteElo "2525"]
[BlackElo "2405"]

1.d4 e6 2.c4 Bb4+ 3.Nc3 Nf6 4.f3 d5 5.a3 Bd6 6.e4 c5 7.cxd5 exd5 8.Bg5 cxd4
9.Nxd5 Nc6 10.Ne2 Be6 11.Nxd4 Bxd5 12.exd5 Nxd4 13.Qxd4 O-O 14.O-O-O Qc8+
15.Kd2  1/2-1/2

[Event "Balassagyarmat"]
[Site "Balassagyarmat"]
[Date "1990.??.??"]
[Round "8"]
[White "Moskalenko, Viktor"]
[Black "Rashkovsky, Nukhim N"]
[Result "1-0"]
[WhiteElo "2525"]
[BlackElo "2540"]

1.d4 Nf6 2.c4 e6 3.Nc3 Bb4 4.f3 d5 5.a3 Be7 6.e4 c5 7.dxc5 Bxc5 8.b4 Bxg1
9.Rxg1 d4 10.e5 dxc3 11.Qxd8+ Kxd8 12.exf6 gxf6 13.Be3 e5 14.O-O-O+ Kc7 15.Kc2 Bf5+
16.Kxc3 Nc6 17.b5 Rhd8 18.Rxd8 Nxd8 19.g4 Bg6 20.f4 Be4 21.Bg2 Bxg2 22.Rxg2 b6
23.fxe5 fxe5 24.Rf2 Kd6 25.a4 Rc8 26.a5 bxa5 27.Rf6+ Ne6 28.Rxf7  1-0

[Event "Barcelona Vulca"]
[Site "Barcelona"]
[Date "1990.??.??"]
[Round "6"]
[White "Gual Pascual, Antonio"]
[Black "Vehi Bach, Victor Manuel"]
[Result "1/2-1/2"]
[WhiteElo "2320"]
[BlackElo "2415"]

1.d4 Nf6 2.c4 e6 3.Nc3 Bb4 4.f3 c5 5.d5 Bxc3+ 6.bxc3 d6 7.e4 e5 8.Bd3 Nbd7
9.Ne2 Nf8 10.g4 Ng6 11.h4 h6 12.h5 Nf8 13.g5 hxg5 14.Bxg5 N8h7 15.Be3 Qc7
16.Bc2 Bd7 17.Ba4 O-O-O 18.Bxd7+ Qxd7 19.Qc2 g6 20.hxg6 fxg6 21.O-O-O Nh5
22.f4 exf4 23.Nxf4 Nxf4 24.Bxf4 g5 25.Bg3 Nf6 26.e5 Qg4 27.Rxh8 Rxh8 28.exf6 Qxg3
29.Rf1 Qh3 30.Rf2 Rf8 31.Kb2 Qd7 32.Qg6 g4 33.Re2 Rf7 34.Re6 Kc7 35.a4 Kb6
36.Qg8 Ka5 37.Qb8 a6 38.Rxd6 Qc7 39.Qxc7+ Rxc7 40.Kb3 Rf7 41.Re6 g3 42.Re3 Rxf6
43.Rxg3 Rb6+ 44.Ka3 Rh6 45.Rg7 b5 46.axb5 axb5 47.Kb3 Rh4 48.cxb5  1/2-1/2

[Event "Bayamo"]
[Site "Bayamo"]
[Date "1990.??.??"]
[Round "2"]
[White "Yakovich, Yuri"]
[Black "Hernandez, Roman"]
[Result "1-0"]
[WhiteElo "2470"]
[BlackElo "2445"]

1.d4 Nf6 2.c4 e6 3.Nc3 Bb4 4.f3 d5 5.a3 Bd6 6.e4 c5 7.dxc5 Bxc5 8.b4 Bxg1
9.Rxg1 a5 10.Rb1 axb4 11.axb4 O-O 12.cxd5 exd5 13.Nxd5 Be6 14.Nxf6+ Qxf6
15.Bb2 Qh6 16.Qd2 Qxh2 17.Kf2 Nc6 18.b5 Ne5 19.Be2 Rfd8 20.Qe3 Nc4 21.Bxc4 Bxc4
22.Qg5 Qh6 23.Qxh6 gxh6 24.Bf6 Rd6 25.e5 Rd5 26.b6 Kf8 27.Rgc1 Ra4 28.Ra1 Rxa1
29.Rxa1 Ke8 30.Re1 Rc5 31.Ke3 Rc6 32.Rd1 Rc8 33.Rh1 Rc6 34.Rxh6 Rxb6 35.Rxh7 Rb3+
36.Kd4 b5 37.f4 Kd7 38.f5 Kc6 39.Rh8 Rd3+ 40.Ke4  1-0

[Event "Bayamo"]
[Site "Bayamo"]
[Date "1990.??.??"]
[Round "3"]
[White "Arencibia, Walter"]
[Black "Herrera, Irisberto"]
[Result "1-0"]
[WhiteElo "2425"]
[BlackElo "2410"]

1.d4 Nf6 2.c4 e6 3.Nc3 Bb4 4.f3 Nh5 5.Nh3 f5 6.e4 O-O 7.Bg5 Qe8 8.e5 f4 9.Qd2 c5
10.a3 Ba5 11.dxc5 h6 12.Bxf4 Bxc3 13.bxc3 Nxf4 14.Nxf4 Nc6 15.Qe3 Qf7 16.Nd3 b6
17.Nb4 Na5 18.Rb1 Bb7 19.Bd3 Qe7 20.cxb6 Nxc4 21.Bxc4 Qh4+ 22.Kd2 Qxc4 23.Qd4 Qc8
24.bxa7 Qd8 25.Ke3 Qa5 26.Nd3 Bc6 27.Rb3 Rxa7 28.Rhb1 Raa8 29.c4 Qd8 30.Kf2 Qe7
31.Nb4 Ba4 32.Rc3 Rac8 33.c5 Qg5 34.h4 Qh5 35.Re1 g5 36.hxg5 hxg5 37.Nd5 exd5
38.Qxa4 g4 39.Qxd7 Qh4+ 40.Ke2 d4 41.Qd5+ Kg7 42.Rb3 Rcd8 43.Qe4 gxf3+ 44.gxf3 Qh2+
45.Kd3 Rf4 46.Rb7+ Kh8 47.Qe2 Qh3 48.Rf1 Ra8 49.Rb3 Rc8 50.Rf2 Qf5+ 51.Kd2 Rh4
52.f4 Rxc5 53.Rb8+ Kg7 54.Rg2+ Kh7 55.Qd3 Qxd3+ 56.Kxd3 Rxf4 57.Rb1 Rh4 58.e6 Rc3+
59.Kd2 Re3 60.Rb7+ Kh6 61.e7 Rhe4 62.Rb1  1-0

[Event "Bayamo"]
[Site "Bayamo"]
[Date "1990.??.??"]
[Round "8"]
[White "Yakovich, Yuri"]
[Black "Garcia Martinez, Silvino"]
[Result "1-0"]
[WhiteElo "2470"]
[BlackElo "2415"]

1.d4 Nf6 2.c4 e6 3.Nc3 Bb4 4.f3 d5 5.a3 Bd6 6.Bg5 Be7 7.e3 O-O 8.Bd3 c5 9.dxc5 Bxc5
10.cxd5 h6 11.Bxf6 Qxf6 12.Qd2 exd5 13.Nxd5 Qh4+ 14.g3 Qh5 15.Rc1 Bd6 16.f4 Be6
17.Be4 Nd7 18.Qd1 Qxd1+ 19.Rxd1 Rfd8 20.Bf3 Rac8 21.Ne2 Bc5 22.b4 Bf8 23.Kf2 a5
24.Rb1 axb4 25.axb4 Bxd5 26.Bxd5 Nf6 27.Bf3 Rc2 28.Rhd1 Rdc8 29.Rd4 b6 30.h3 g5
31.Rbd1 Be7 32.R1d3 Rb2 33.e4 gxf4 34.e5 fxg3+ 35.Kxg3 Nh7 36.Rd7 Bxb4 37.Bh5 Nf8
38.Rb7 Rcc2 39.Bxf7+ Kh8 40.Nf4  1-0

[Event "Belgorod"]
[Site "Belgorod"]
[Date "1990.??.??"]
[Round "?"]
[White "Moskalenko, Viktor"]
[Black "Kiselev, Sergey"]
[Result "0-1"]
[WhiteElo "2525"]
[BlackElo "2450"]

1.d4 Nf6 2.c4 e6 3.Nc3 Bb4 4.f3 c5 5.d5 d6 6.e4 O-O 7.Bd3 b5 8.Ne2 Qb6 9.O-O Bxc3
10.Nxc3 exd5 11.Nxb5 a6 12.Nc3 dxc4 13.Bxc4 Be6 14.b3 Nbd7 15.Bg5 Bxc4 16.bxc4 Qb4
17.Nd5 Nxd5 18.Qxd5 Nb6 19.Qxd6 Nxc4 20.Qg3 f6 21.Bf4 Nb2 22.Kh1 Nd3 23.Rab1 Qd4
24.h3 Rf7 25.Rb6 f5 26.Rfb1 fxe4 27.Bd6 Rd8 28.Rb8 Rd7 29.Bc7 Rxb8 30.Rxb8+ Kf7
31.fxe4 Nf2+ 32.Kh2 Nxe4 33.Qf3+ Nf6 34.Bg3 Qe4 35.Qc3 Rd3 36.Qc2 Rxg3  0-1

[Event "Belgorod"]
[Site "Belgorod"]
[Date "1990.??.??"]
[Round "?"]
[White "Moskalenko, Viktor"]
[Black "Howell, James C"]
[Result "0-1"]
[WhiteElo "2525"]
[BlackElo "2450"]

1.d4 Nf6 2.c4 e6 3.Nc3 Bb4 4.f3 c5 5.d5 Nh5 6.g3 d6 7.e4 exd5 8.cxd5 O-O
9.Bg2 f5 10.f4 Qe8 11.Ne2 fxe4 12.h3 Bxc3+ 13.bxc3 b5 14.O-O Na6 15.g4 Nf6
16.Ng3 Bb7 17.Qc2 Bxd5 18.Rd1 Nc7 19.c4 bxc4 20.Bb2 Rd8 21.Nf5 Rf7 22.Rab1 Qe6
23.Ne3 Ba8 24.f5 Qe7 25.g5 Nfd5 26.f6 Qe6 27.Nxd5 Nxd5 28.Bxe4 gxf6 29.Qxc4 Rg7
30.Bxf6 Qxf6 31.Bxd5+ Kh8 32.h4 Bxd5 33.Qxd5 h6 34.Rf1 Qg6 35.Rb7 Rxb7 36.Qxb7 hxg5
37.h5 Qxh5 38.Qe7 Re8 39.Rf8+ Rxf8 40.Qxf8+ Kh7 41.Qe7+ Kg8 42.Qxa7 Qg4+
43.Kf2 Qf4+ 44.Kg2 g4 45.Qd7 c4 46.Qe8+ Kg7 47.Qe7+ Kg6 48.Qe6+ Kg5 49.a4 Qf3+
50.Kg1 Qd1+ 51.Kf2 Qd2+ 52.Kf1 Qd3+ 53.Kf2 c3  0-1

[Event "Budapest Herbstlich"]
[Site "Budapest"]
[Date "1990.??.??"]
[Round "9"]
[White "Moskalenko, Viktor"]
[Black "Callergard, Robert"]
[Result "1-0"]
[WhiteElo "2515"]
[BlackElo "2360"]

1.d4 Nf6 2.c4 e6 3.Nc3 Bb4 4.f3 c5 5.d5 d6 6.e4 e5 7.Ne2 Nbd7 8.a3 Ba5 9.Qc2 O-O
10.Ng3 a6 11.Bd3 Rb8 12.O-O b5 13.f4 bxc4 14.Bxc4 Ng4 15.Be2 exf4 16.Bxf4 Nde5
17.Bxg4 Bxg4 18.Bxe5 dxe5 19.Kh1 c4 20.Nd1 Bb6 21.Qxc4 Bd4 22.Qxa6 Qh4 23.Qd3 Rb6
24.Ne3 Bxe3 25.Qxe3 Rh6 26.h3 Bxh3 27.Kg1 f5 28.exf5 Bxf5 29.Rxf5 Rxf5 30.Nxf5 Qh2+
31.Kf2 Rf6 32.Qf3 g6 33.Nh6+ Qxh6 34.Qxf6 Qd2+ 35.Kg1  1-0

[Event "Cali zt"]
[Site "Cali"]
[Date "1990.??.??"]
[Round "2"]
[White "Arencibia, Walter"]
[Black "Rodriguez, Amador"]
[Result "1/2-1/2"]
[WhiteElo "2425"]
[BlackElo "2495"]

1.d4 Nf6 2.c4 e6 3.Nc3 Bb4 4.f3 d5 5.a3 Be7 6.e4 dxc4 7.Bxc4 c5 8.dxc5 Qxd1+
9.Nxd1 Bxc5 10.b4 Bb6 11.Be3 Bxe3 12.Nxe3 Nc6 13.Ne2 Bd7 14.Kf2 Ke7 15.h3 Rac8
16.Rac1  1/2-1/2

[Event "JUG-chT Cetinje"]
[Site "Cetinje"]
[Date "1990.??.??"]
[Round "5"]
[White "Jacimovic, Dragoljub"]
[Black "Dzevlan, Miralem"]
[Result "1/2-1/2"]
[WhiteElo "2400"]
[BlackElo "2455"]

1.d4 e6 2.c4 Nf6 3.Nc3 Bb4 4.f3 d5 5.a3 Bxc3+ 6.bxc3 c5 7.e3 Nc6 8.cxd5 Nxd5
9.Qd2 Qa5 10.Ne2 O-O 11.Rb1 Rd8 12.c4 Qxd2+ 13.Bxd2 Nb6 14.dxc5 Na4 15.Nd4 Nxc5
16.Rb5 Na4 17.Nxc6 bxc6 18.Rb1 Ba6 19.Ba5 Rdb8 20.Rb4 Nb2 21.c5 Bxf1 22.Kxf1 Rb5
23.Ke2 Rxc5 24.Rxb2 Rxa5 25.Rc1 c5 26.Rb7 h6 27.Rd1 Rxa3 28.Rdd7 Ra2+ 29.Kf1 Rf8
30.Rxa7 Rxa7 31.Rxa7 Rb8 32.Rc7 Rb5 33.Kf2 Rb2+ 34.Kg3 Rc2 35.e4 g5 36.h4 Kg7
37.h5 c4 38.e5 c3 39.Kh3 Rc1 40.g3 Kf8 41.Kg4 Ke8 42.Rc8+ Kd7 43.Rc5 Ke7
44.Rc7+ Kf8 45.Rc8+ Kg7 46.Rc7 Rc2 47.Kh3 Rc1 48.Kg4 Kg8 49.Rc8+ Kh7 50.Rc5 Kg7
51.Rc7  1/2-1/2

[Event "Cheliabinsk-A"]
[Site "Cheliabinsk"]
[Date "1990.??.??"]
[Round "?"]
[White "Yakovich, Yuri"]
[Black "Maksimovic, Branimir"]
[Result "1-0"]
[WhiteElo "2520"]
[BlackElo "2375"]

1.d4 Nf6 2.c4 e6 3.Nc3 Bb4 4.f3 d5 5.a3 Be7 6.e4 dxe4 7.fxe4 e5 8.d5 O-O
9.Nf3 Bg4 10.h3 Bxf3 11.Qxf3 Ne8 12.Bd3 Nd7 13.O-O a5 14.Rb1 Ra6 15.b4 axb4
16.axb4 Rf6 17.Qd1 Rxf1+ 18.Bxf1 c5 19.dxc6 bxc6 20.Be3 Nc7 21.b5 c5 22.b6 Ne6
23.Nd5 Bg5 24.Bf2 Nd4 25.b7 g6 26.g3 f5 27.h4 fxe4 28.Bg2 e3 29.Nxe3 Be7
30.Nd5 Bd6 31.Be3 e4 32.Qg4 Ne5 33.Qh3 Ne2+ 34.Kh1 Nxc4 35.Bg5 Qb8 36.Qe6+ Rf7
37.Nf6+ Kg7 38.Nxe4 Nxg3+ 39.Nxg3 Bxg3 40.Qd5 h6 41.Bxh6+ Kxh6 42.Qxf7  1-0

[Event "Copenhagen op"]
[Site "Copenhagen"]
[Date "1990.??.??"]
[Round "2"]
[White "Hansen, Lars Bo"]
[Black "Ksieski, Zbigniew"]
[Result "1-0"]
[WhiteElo "2460"]
[BlackElo "2395"]

1.d4 Nf6 2.c4 e6 3.Nc3 Bb4 4.f3 c5 5.d5 b5 6.e4 bxc4 7.Bxc4 Nxd5 8.Bxd5 exd5
9.Qxd5 Nc6 10.Ne2 Ba6 11.Be3 O-O 12.Rd1 Re8 13.Kf2 Ne5 14.Bxc5 Bb7 15.Qd4 Qh4+
16.Ng3 Nc6 17.Qe3 f5 18.Bxb4 Nxb4 19.Qd4 fxe4 20.Nxe4 Rxe4 21.fxe4 Qf4+ 22.Kg1 Rc8
23.Nf5 Qg5 24.h4 Qg4 25.Ne7+ Kh8 26.Nxc8 Bxe4 27.Rd2 Nd3 28.Nd6 Qg3 29.Qxe4  1-0

[Event "Copenhagen Johansen"]
[Site "Copenhagen"]
[Date "1990.??.??"]
[Round "2"]
[White "Bykhovsky, Avigdor"]
[Black "Danielsen, Henrik"]
[Result "0-1"]
[WhiteElo "2480"]
[BlackElo "2380"]

1.d4 Nf6 2.c4 e6 3.Nc3 Bb4 4.f3 d5 5.a3 Bxc3+ 6.bxc3 c5 7.cxd5 Nxd5 8.dxc5 Qa5
9.e4 Nc7 10.Be3 O-O 11.Qb3 e5 12.Bc4 Nba6 13.Ne2 Be6 14.Rd1 Rfd8 15.Bd5 Bxd5
16.exd5 Nxc5 17.Qc4 Na4 18.Rb1 Nxd5 19.Rxb7 Rac8 20.Qb3 Nab6 21.Bg5 Re8  0-1

[Event "Copenhagen op"]
[Site "Copenhagen"]
[Date "1990.??.??"]
[Round "7"]
[White "Lerner, Konstantin Z"]
[Black "Adamski, Jan"]
[Result "1-0"]
[WhiteElo "2560"]
[BlackElo "2410"]

1.d4 Nf6 2.c4 e6 3.Nc3 Bb4 4.f3 c5 5.d5 Nh5 6.g3 f5 7.e4 d6 8.exf5 Bxc3+
9.bxc3 exf5 10.Nh3 O-O 11.Be2 Na6 12.O-O Nc7 13.a4 Bd7 14.Ra2 b6 15.Bd3 Qe8
16.Re2 Qf7 17.g4 fxg4 18.Ng5 Qf6 19.Nxh7 Qh4 20.Nxf8 Rxf8 21.fxg4 Qxg4+ 22.Rg2 Qxd1
23.Rxd1 Bxa4 24.Re1 Nf4 25.Bxf4 Rxf4 26.Re7 Rf7 27.Bh7+ Kf8 28.Rxf7+ Kxf7
29.Ra2 a5 30.Rxa4 g6 31.Ra2 Kg7 32.Re2  1-0

[Event "Copenhagen op"]
[Site "Copenhagen"]
[Date "1990.??.??"]
[Round "10"]
[White "Lerner, Konstantin Z"]
[Black "Mednis, Edmar John"]
[Result "1/2-1/2"]
[WhiteElo "2560"]
[BlackElo "2440"]

1.d4 Nf6 2.c4 e6 3.Nc3 Bb4 4.f3 d5 5.a3 Be7 6.e4 dxe4 7.fxe4 e5 8.d5 Bc5
9.Nf3 Bg4 10.h3 Bxf3 11.Qxf3 a5 12.Bd3 Nbd7 13.Bg5 O-O 14.O-O-O Be7 15.h4 Nc5
16.Bc2 a4 17.Nb5 Ra6 18.Kb1 Ne8 19.Be3 Nd7 20.Nc3 Nd6 21.Qe2 Ra5 22.Bxa4 Nxe4
23.Nxe4 Rxa4 24.Qc2 Ra6 25.c5 Qc8 26.g4 f6 27.Ng3 Rf7 28.Nf5 Bf8 29.h5 Ra5
30.c6 bxc6 31.dxc6 Nb8 32.Qc4 Qe8 33.b4 Rxa3 34.b5 Ra5 35.Rh2 e4 36.Bf4 Nxc6
37.bxc6 Qa8 38.Ra2 Rxa2 39.Qxa2 Qxc6 40.Qb3 e3 41.Bxe3 Qe4+ 42.Kc1 c5 43.Qd5 Qb4
44.Bd2  1/2-1/2

[Event "Daugavpils"]
[Site "Daugavpils"]
[Date "1990.??.??"]
[Round "?"]
[White "Shirov, Alexei"]
[Black "Rausis, Igors"]
[Result "1/2-1/2"]
[WhiteElo "2500"]
[BlackElo "2470"]

1.d4 Nf6 2.c4 e6 3.Nc3 Bb4 4.f3 d5 5.a3 Be7 6.e4 c5 7.dxc5 Bxc5 8.cxd5 exd5
9.e5 Nfd7 10.Qxd5 O-O 11.f4 Bxg1 12.Rxg1 Qb6 13.Rh1 Nc6 14.Bc4 Ndxe5 15.fxe5 Be6
16.Qb5 Bxc4 17.Qxc4 Nxe5 18.Qb5 Qd4 19.Bd2 Nd3+ 20.Kd1 Rfd8 21.Kc2 Nf2 22.Qe2 Nxh1
23.Rxh1 Rac8 24.Rf1 Qa4+ 25.Kc1 Qb3  1/2-1/2

[Event "Debrecen"]
[Site "Debrecen"]
[Date "1990.??.??"]
[Round "9"]
[White "Polgar, Zsuzsa"]
[Black "Adorjan, Andras"]
[Result "1/2-1/2"]
[WhiteElo "2500"]
[BlackElo "2520"]

1.d4 Nf6 2.c4 e6 3.Nc3 Bb4 4.f3 d5 5.a3 Be7 6.e4 c5 7.e5 Nfd7 8.cxd5 exd5
9.Nxd5 cxd4 10.Nxe7 Qxe7 11.f4 f6 12.Nf3 fxe5 13.Bc4 d3 14.b4 e4 15.O-O Nc6
16.Re1 Nf6 17.Bxd3 Bg4 18.Bxe4 Nxe4 19.Qd5 Rd8 20.Qxe4 Bxf3 21.gxf3 Qxe4
22.fxe4 Nd4 23.Rf1 O-O 24.Be3  1/2-1/2

[Event "Dortmund-A"]
[Site "Dortmund"]
[Date "1990.??.??"]
[Round "?"]
[White "Gelfand, Boris"]
[Black "Brunner, Lucas"]
[Result "1/2-1/2"]
[WhiteElo "2615"]
[BlackElo "2525"]

1.d4 Nf6 2.c4 e6 3.Nc3 Bb4 4.f3 d5 5.a3 Bxc3+ 6.bxc3 c5 7.cxd5 Nxd5 8.dxc5 Qa5
9.e4 Ne7 10.Be3 O-O 11.Qb3 e5 12.Bc4 Qc7 13.Bd5 Na6 14.Qc4 Bd7 15.Rb1 Rab8
16.Ne2  1/2-1/2

[Event "BCF-ch"]
[Site "Eastbourne"]
[Date "1990.??.??"]
[Round "?"]
[White "Murshed, Niaz"]
[Black "Conquest, Stuart"]
[Result "1/2-1/2"]
[WhiteElo "2475"]
[BlackElo "2465"]

1.d4 Nf6 2.c4 e6 3.Nc3 Bb4 4.f3 c5 5.d5 b5 6.e4 bxc4 7.Bxc4 Nxd5 8.Bxd5 exd5
9.Qxd5 Nc6 10.Ne2 Ba6 11.Bf4 O-O 12.Kf2 Bxc3 13.bxc3 Bxe2 14.Kxe2 Qf6 15.Qxd7 Na5
16.Qd6 Qxc3 17.Rhc1 Qb2+ 18.Kf1 Qb5+ 19.Kg1 Rac8 20.Rab1 Qa4 21.Rxc5 Nc4
22.Rxc8 Rxc8 23.Qd4 Qxa2 24.Ra1 Qb2 25.Qxb2 Nxb2 26.Rxa7 Nd3 27.Bd2 Rd8 28.h4 Ne5
29.Ba5 Nc6 30.Ra6  1/2-1/2

[Event "ESP-chT"]
[Site "?"]
[Date "1990.??.??"]
[Round "?"]
[White "Gallego, Victoriano"]
[Black "Franco Ocampo, Zenon"]
[Result "1/2-1/2"]
[WhiteElo "2315"]
[BlackElo "2475"]

1.d4 Nf6 2.c4 e6 3.Nc3 Bb4 4.f3 d5 5.a3 Bxc3+ 6.bxc3 c5 7.cxd5 Nxd5 8.dxc5 Qa5
9.e4 Ne7 10.Be3 O-O 11.Qb3 Nec6 12.Bb5 Qc7 13.Ne2 e5 14.O-O Be6 15.Qc2 Na5
16.f4 Bc4 17.Bxc4 Nxc4 18.Qd3 Nxe3 19.Qxe3 Nd7 20.fxe5 Qxc5 21.Qd4 Rfd8 22.Rf5 g6
23.Rf2 Rac8 24.e6 fxe6 25.Raf1 e5 26.Qd5+ Qxd5 27.exd5 Nc5 28.c4 Ne4 29.Rf7 Nd6
30.Re7 Rxc4 31.Rxe5 Ra4 32.Re7 Nf5 33.Rxb7 Rxa3 34.Nf4 Ra4 35.Ne6 Re8 36.Rc1 h5
37.Rcc7 Ra6 38.Rxa7 Rd6 39.Ra5 Ne7 40.Nf4 Kf7 41.h4 Kf6 42.Rc1 Red8 43.Rf1 Nf5
44.Ra2 Re8 45.Raf2 Re5 46.Kh2 Kg7 47.Nxh5+  1/2-1/2

[Event "Forli op"]
[Site "Forli"]
[Date "1990.??.??"]
[Round "4"]
[White "Malaniuk, Vladimir P"]
[Black "Vezzosi, Paolo"]
[Result "1/2-1/2"]
[WhiteElo "2505"]
[BlackElo "2290"]

1.d4 Nf6 2.c4 e6 3.Nc3 Bb4 4.f3 c5 5.d5 d6 6.e4 Nh5 7.Ne2 f5 8.exf5 exf5
9.g3 O-O 10.Bg2 Bxc3+ 11.Nxc3 Re8+ 12.Kf2 Nd7 13.f4 Nhf6 14.Re1 Rxe1 15.Qxe1 Nf8
16.Bd2 Bd7 17.Qe2 Qb6 18.b3 Re8 19.Qd3 Qd8 20.Bf3 Qe7 21.Kg2 Qf7 22.a3 Qg6
23.Re1 Rxe1 24.Bxe1 Qe8 25.Bd2 Qe7 26.h3 Ng6 27.Kf2 Qd8 28.Kg2 h5 29.h4 Nf8
30.Ne2 Qe8 31.b4 b6 32.bxc5 bxc5 33.Qb3 Ba4 34.Qb1 Ne4 35.Be1 Nd7 36.Nc3 Ndf6
37.Qd3 Bd7 38.Kf1 Qg6 39.Kg2 Qe8 40.Kf1 Qg6 41.Kg2  1/2-1/2

[Event "Forli op"]
[Site "Forli"]
[Date "1990.??.??"]
[Round "6"]
[White "Malaniuk, Vladimir P"]
[Black "Marinelli, Tullio"]
[Result "1-0"]
[WhiteElo "2505"]
[BlackElo "2400"]

1.d4 Nf6 2.c4 e6 3.Nc3 Bb4 4.f3 c5 5.d5 Nh5 6.g3 f5 7.Bd2 O-O 8.Nh3 Nf6 9.Nf4 e5
10.Nd3 Bxc3 11.Bxc3 d6 12.Nf2 Na6 13.e3 Nc7 14.Be2 Bd7 15.f4 exf4 16.exf4 b5
17.b3 bxc4 18.bxc4 Rb8 19.O-O Na8 20.Bd3 Nb6 21.a4 Na8 22.Qc2 Qc8 23.Rab1 Rxb1
24.Rxb1 Nc7 25.Qb3 Nfe8 26.a5 Na6 27.Qb7 Qxb7 28.Rxb7 Nec7 29.Rxa7 Rb8 30.Bc2 g6
31.Nd3 Kf7 32.Nb2 Ke7 33.Na4 Be8 34.Nb6 Kf7 35.Kf2 Ke7 36.h3 h5 37.g4 hxg4
38.hxg4 fxg4 39.Kg3  1-0

[Event "Peer Gynt"]
[Site "Gausdal"]
[Date "1990.??.??"]
[Round "7"]
[White "Hjelmaas, Lars"]
[Black "Schmittdiel, Eckhard"]
[Result "0-1"]
[WhiteElo "2225"]
[BlackElo "2505"]

1.d4 Nf6 2.c4 e6 3.Nc3 Bb4 4.f3 c5 5.d5 Bxc3+ 6.bxc3 d6 7.e4 e5 8.Ne2 Nbd7
9.Ng3 Qe7 10.Nf5 Qf8 11.Qa4 Ng8 12.Bd3 h5 13.h4 g6 14.Ng3 Qg7 15.Rb1 f6 16.Be3 Nh6
17.Kf2 Nf7 18.Rb2 Rg8 19.Rg1 Kd8 20.Rgb1 f5 21.Rxb7 f4 22.Qc6 fxe3+ 23.Kxe3 Bxb7
24.Rxb7 Nh6 25.Qc7+ Ke8 26.Bc2 Qe7 27.Ba4 Rg7 28.Qc6 Rd8 29.Rxa7 Kf8 30.Bb5 Qf6
31.a4 Nb8  0-1

[Event "Peer Gynt"]
[Site "Gausdal"]
[Date "1990.??.??"]
[Round "7"]
[White "Davies, Nigel R"]
[Black "Schneider, Lars Ake"]
[Result "0-1"]
[WhiteElo "2485"]
[BlackElo "2405"]

1.d4 Nf6 2.c4 e6 3.Nc3 Bb4 4.f3 d5 5.a3 Bxc3+ 6.bxc3 c5 7.cxd5 Nxd5 8.dxc5 f5
9.Nh3 O-O 10.c4 Nf6 11.Bf4 Qa5+ 12.Qd2 Qxd2+ 13.Kxd2 Na6 14.Kc2 Bd7 15.Nf2 Nxc5
16.e3 Rfc8 17.Rb1 Ba4+ 18.Kc3 b5 19.Be2 Nfd7 20.Nd1 Nb6 21.Nb2 Bb3 22.Rbc1 Ba2
23.Rhd1 bxc4 24.Nxc4 Bxc4 25.Bxc4 Nca4+ 26.Kb4 Rxc4+ 27.Rxc4 Nxc4 28.Rd7 Nab6
29.Rb7 e5  0-1

[Event "Arnold Cup"]
[Site "Gausdal"]
[Date "1990.??.??"]
[Round "9"]
[White "Hansen, Lars Bo"]
[Black "Bergsson, Snorri"]
[Result "1-0"]
[WhiteElo "2460"]
[BlackElo "2230"]

1.d4 Nf6 2.c4 e6 3.Nc3 Bb4 4.f3 d5 5.a3 Bxc3+ 6.bxc3 c5 7.cxd5 Nxd5 8.dxc5 Qa5
9.e4 Ne7 10.Be3 O-O 11.Qb3 Na6 12.Bb5 e5 13.Ne2 Be6 14.Bc4 Bxc4 15.Qxc4 Rac8
16.Rb1 Nxc5 17.Rb5 Qa6 18.Bxc5 b6 19.O-O bxc5 20.a4 Rc6 21.Rfb1 h6 22.Ng3 Rd8
23.Nf1 Nc8 24.Ne3 Nb6 25.Qb3 Rd3 26.Nf5 Nc8 27.Rd1 c4 28.Qc2 g6 29.Nxh6+ Kg7
30.Ng4 Rcd6 31.Nf2 Rxd1+ 32.Nxd1 Nb6 33.Rb4 Qa5 34.Nf2 Qc5 35.Qc1 a6 36.Kf1 Nd7
37.Ng4 Rb6 38.Rxb6 Qxb6 39.Qh6+ Kg8 40.Qd2 Nc5 41.Nxe5 Nxa4 42.Qd7 Qb1+ 43.Kf2 Qb6+
44.Kg3 Qe6 45.Qxe6 fxe6 46.Nxg6 Nxc3 47.Ne5 a5 48.Nxc4 a4 49.Na3 Ne2+ 50.Kf2 Nf4
51.g3 Nh5 52.Ke3 Nf6 53.Kd4 Nd7 54.Nc4 Kf7 55.Kc3  1-0

[Event "SWE-ch"]
[Site "Gothenburg"]
[Date "1990.??.??"]
[Round "?"]
[White "Wessman, Richard"]
[Black "Schneider, Lars Ake"]
[Result "0-1"]
[WhiteElo "2505"]
[BlackElo "2415"]

1.d4 Nf6 2.c4 e6 3.Nc3 Bb4 4.f3 d5 5.a3 Bxc3+ 6.bxc3 c5 7.cxd5 Nxd5 8.Qd2 f5
9.e3 O-O 10.c4 Nb6 11.a4 cxd4 12.a5 N6d7 13.exd4 Nc6 14.Ne2 b6 15.axb6 Nxb6
16.Qc3 Bb7 17.Be3 Qe7 18.f4 Rfc8 19.c5 Nd5 20.Qd2 Nxe3 21.Qxe3 a5 22.Nc3 Qh4+
23.Ke2 Rd8 24.Rd1 Kh8 25.g3 Nxd4+ 26.Kf2 Qe7 27.Rg1 Qxc5 28.Nb5 Nb3 29.Nd6 Rxd6
30.Rxd6 Qxd6 31.Qxb3 Qd4+ 32.Qe3 Qxe3+ 33.Kxe3 Bd5 34.Kd2 a4 35.Kc2 Rb8 36.Bg2 Bxg2
37.Rxg2 a3 38.Kc3 Rb2 39.Rxb2 axb2 40.Kxb2 Kg8 41.Kc3 Kf7 42.Kc4 Ke7 43.Kc5 Kd7
44.h3 h6 45.h4 h5 46.Kc4 Kc6 47.Kd4 Kd6 48.Kd3 Kd5 49.Ke3 Kc4 50.Ke2 Kd4
51.Kf2 Kd3 52.Kf3 Kd2 53.Kf2 g6 54.Kf3 Ke1 55.Kg2 Ke2  0-1